000 00237nam a2200097Ia 4500
001 641171
005 20250826153502.0
008 250824s9999 xx 000 0 und d
245 0 _aMARTI BİTKİLER HER DENEY BİR EĞLENCE
260 _bMARTI
999 _c641171
_d641171